000 00340 a2200157 4500
001 148941
040 _cEscola São Tomás de Aquino
100 _aPAULI, Lorenz
240 1 0 _aBiblioteca???
_lpor
245 1 0 _aBiblioteca???
300 _a27
362 0 _a2012
440 1 _aBrinque-book
697 _a*LITERATURA INFANTO
942 _cBK
999 _c148941
_d148941